| 000 | 00737cam a22002651 4500 | ||
|---|---|---|---|
| 001 | 26561 | ||
| 003 | BD-RjUL | ||
| 005 | 20211209051032.0 | ||
| 008 | 140322s1955 nyua 000 0 eng | ||
| 035 | _a(BD-RjUL)26631 | ||
| 035 | _a(BD-RjUL)26631 | ||
| 040 |
_aDLC _cOClW _dOCoLC _dDLC _beng |
||
| 041 | _aeng | ||
| 082 |
_a950 _bLOS 1955 |
||
| 100 | 1 |
_aLow, Francis, _d1893- _981697 |
|
| 245 | 1 | 0 | _aStruggle for Asia / |
| 260 |
_aNew York : _bPraeger , _c1955. |
||
| 300 |
_aix, 239 p. : _billus. ; _c21 cm. |
||
| 490 | 0 | _aBooks that matter | |
| 650 | 0 |
_aEastern question (Far East) _910872 |
|
| 651 | 0 |
_aAsia _xPolitics and government. _981698 |
|
| 942 |
_2ddc _cBK |
||
| 999 |
_c26561 _d26561 |
||